[Event "EU-ch rapid"]
[Site "Wroclaw"]
[Date "2014.12.20"]
[Round "1"]
[White "Bartel, Mateusz"]
[Black "Shakirova, Renata"]
[Result "1-0"]
[WhiteElo "2664"]
[BlackElo "1971"]
[PlyCount "99"]
[EventDate "2014.12.20"]
[EventType "swiss (rapid)"]
[EventRounds "11"]
[EventCountry "POL"]
[SourceTitle "CBM 164 Extra"]
[Source "ChessBase"]
[SourceDate "2015.03.02"]
[SourceVersion "1"]
[SourceVersionDate "2015.03.02"]
[SourceQuality "1"]

1. d4 Nf6 2. c4 e6 3. Nc3 Bb4 4. Nf3 c5 5. g3 0-0 6. Bg2 cxd4 7. Nxd4 d5 8. cxd5 Nxd5 9. Bd2 Na6 10. Nxd5 exd5 11. 0-0 Bxd2 12. Qxd2 Nc7 13. Rac1 Be6 14. Qb4 b6 15. Rc6 Qd7 16. Rfc1 Rfc8 17. Qc3 Ne8 18. Nxe6 Rxc6 19. Qxc6 Qxc6 20. Rxc6 fxe6 21. Rxe6 Rd8 22. Bxd5 Rxd5 23. Rxe8+ Kf7 24. Ra8 Rd2 25. Rxa7+ Kf6 26. b4 Rxe2 27. b5 Rb2 28. a4 Rb4 29. Kg2 h5 30. h4 g6 31. Kf3 Kf5 32. Rf7+ Ke6 33. Rf4 Rb3+ 34. Kg2 Rb2 35. Rc4 Ra2 36. g4 hxg4 37. Kg3 Kf5 38. Rf4+ Ke5 39. Rxg4 Kf5 40. Rf4+ Ke5 41. Rc4 Kf5 42. f3 Ra1 43. Kf2 Ra3 44. Kg3 Ra1 45. Rc6 Rxa4 46. Rxb6 Rb4 47. Rb8 Kf6 48. b6 Ke7 49. b7 Kd7 50. Rg8 1-0

[Event "St Petersburg-ch (Women) 82nd"]
[Site "St Petersburg"]
[Date "2014.03.28"]
[Round "8"]
[White "Shakirova, Renata"]
[Black "Tskhadadze, Anna"]
[Result "0-1"]
[WhiteElo "1892"]
[BlackElo "1819"]
[PlyCount "94"]
[EventDate "2014.03.21"]
[EventType "tourn"]
[EventRounds "11"]
[EventCountry "RUS"]
[SourceTitle "CBM 159 Extra"]
[Source "ChessBase"]
[SourceDate "2014.04.24"]
[SourceVersion "1"]
[SourceVersionDate "2014.04.24"]
[SourceQuality "1"]

1. e4 d5 2. exd5 Qxd5 3. Nc3 Qd6 4. d4 Nf6 5. Nf3 c6 6. Ne5 Nbd7 7. Nc4 Qc7 8. Qf3 Nb6 9. Ne5 e6 10. Bf4 Bd6 11. Bg3 Nbd7 12. Nc4 Bxg3 13. hxg3 b5 14. Nd2 Bb7 15. a3 a6 16. Qe3 c5 17. dxc5 Qxc5 18. Qxc5 Nxc5 19. f3 0-0 20. 0-0-0 Rfd8 21. Be2 Rac8 22. Rh4 Nd5 23. Nxd5 Rxd5 24. c4 Re5 25. Bf1 Na4 26. Rd4 Rd5 27. Nb3 bxc4 28. Na5 Rxd4 29. Rxd4 Bd5 30. Nxc4 Nb6 31. b3 e5 32. Rh4 g5 33. Rh5 f6 34. Bd3 e4 35. fxe4 Bxc4 36. bxc4 Nxc4 37. Kb1 Ne5 38. Bxa6 Ra8 39. Be2 Rxa3 40. Rh3 g4 41. Rh2 Rxg3 42. Bd1 Kg7 43. Bc2 Kg6 44. Kc1 h5 45. Kd1 Kg5 46. Ke2 h4 47. Kf2 Rc3 0-1

[Event "St Petersburg-ch (Women) 82nd"]
[Site "St Petersburg"]
[Date "2014.03.25"]
[Round "5"]
[White "Shakirova, Renata"]
[Black "Ivkina, Olga"]
[Result "0-1"]
[WhiteElo "1892"]
[BlackElo "2239"]
[PlyCount "94"]
[EventDate "2014.03.21"]
[EventType "tourn"]
[EventRounds "11"]
[EventCountry "RUS"]
[SourceTitle "CBM 159 Extra"]
[Source "ChessBase"]
[SourceDate "2014.04.24"]
[SourceVersion "1"]
[SourceVersionDate "2014.04.24"]
[SourceQuality "1"]

1. e4 e6 2. d4 d5 3. Nc3 Bb4 4. e5 c5 5. Qg4 Ne7 6. dxc5 Bxc3+ 7. bxc3 Qc7 8. Qxg7 Rg8 9. Qxh7 Qxe5+ 10. Ne2 Nbc6 11. Qh4 Nf5 12. Qf4 Qg7 13. Bb2 e5 14. Qa4 Be6 15. 0-0-0 0-0-0 16. Kb1 Qf8 17. Qa3 Qe7 18. Nc1 Qc7 19. Nd3 Kb8 20. g3 f6 21. Nb4 Nfe7 22. Nxc6+ Qxc6 23. Qb4 Rc8 24. Ba3 Rg4 25. f4 d4 26. Bh3 Nd5 27. Qa5 Nxc3+ 28. Ka1 Nxd1 29. Rxd1 Rg7 30. Bxe6 Qxe6 31. fxe5 fxe5 32. Qe1 Qd5 33. Qe2 Rd7 34. g4 e4 35. h4 Qe5 36. Bb2 Rxc5 37. g5 Rb5 38. Qc4 Rbd5 39. Rg1 e3 40. Qe2 Rb5 41. Qd3 Rb6 42. Rg2 Qa5 43. Re2 Qb4 44. Qa3 Qxa3 45. Bxa3 d3 46. cxd3 Rxd3 47. Re1 e2 0-1

[Event "EU-ch U14 Girls 23rd"]
[Site "Budva"]
[Date "2013.10.02"]
[Round "4"]
[White "Gundogan, Sinem Cagla"]
[Black "Shakirova, Renata"]
[Result "1-0"]
[WhiteElo "1722"]
[BlackElo "1881"]
[PlyCount "147"]
[EventDate "2013.09.29"]
[EventType "swiss"]
[EventRounds "9"]
[EventCountry "MNE"]
[SourceTitle "EXT 2014"]
[Source "ChessBase"]
[SourceDate "2013.11.20"]
[SourceVersion "1"]
[SourceVersionDate "2013.11.20"]
[SourceQuality "1"]

1. e4 c5 2. Nf3 d6 3. d4 cxd4 4. Qxd4 Nc6 5. Bb5 Bd7 6. Bxc6 Bxc6 7. Nc3 Nf6 8. Bg5 e6 9. 0-0-0 Be7 10. Kb1 0-0 11. Rhe1 Qa5 12. Qd2 Qc7 13. Nd4 d5 14. exd5 Nxd5 15. Nxd5 Bxd5 16. Nf5 Bxg5 17. Qxg5 Bxa2+ 18. Kxa2 Qa5+ 19. Kb1 exf5 20. g4 g6 21. gxf5 Rac8 22. Qg4 Rc6 23. fxg6 hxg6 24. Re3 Rfc8 25. c3 Rc4 26. Rd4 Rxd4 27. Qxd4 Rd8 28. Qh4 Qf5+ 29. Ka2 g5 30. Qb4 Qxf2 31. Rg3 Rd5 32. Qxb7 Ra5+ 33. Kb3 Qxh2 34. Qc8+ Kg7 35. Rh3 Rb5+ 36. Ka4 Qb8 37. Qd7 a6 38. Rf3 Qf8 39. Qd4+ f6 40. b4 Qe7 41. Re3 Qb7 42. Re6 Rf5 43. Qd6 Qb5+ 44. Kb3 a5 45. Re7+ Kg6 46. Qh2 Qd5+ 47. Kb2 Qg8 48. c4 axb4 49. Kb3 Rf4 50. Qc2+ Kh6 51. Kxb4 Qb8+ 52. Kc5 Qc8+ 53. Kb4 f5 54. Qh2+ Rh4 55. Qd6+ Kh5 56. Rh7+ Kg4 57. Qd1+ Kf4 58. Qf1+ Ke5 59. Qe1+ Re4 60. Qa1+ Kd6 61. Qf6+ Qe6 62. Qd8+ Ke5 63. Re7 Rxc4+ 64. Kb3 Rg4+ 65. Rxe6+ Kxe6 66. Kc3 Ke5 67. Kd3 Rg3+ 68. Ke2 Ke4 69. Qa8+ Kd4 70. Qa4+ Kd5 71. Qd7+ Ke4 72. Qc6+ Kf4 73. Qc4+ Ke5 74. Qc7+ 1-0

[Event "EU-ch U14 Girls 23rd"]
[Site "Budva"]
[Date "2013.10.01"]
[Round "3"]
[White "Shakirova, Renata"]
[Black "Mammadzada, Gunay Vuqar Qizi"]
[Result "0-1"]
[WhiteElo "1881"]
[BlackElo "2104"]
[PlyCount "112"]
[EventDate "2013.09.29"]
[EventType "swiss"]
[EventRounds "9"]
[EventCountry "MNE"]
[SourceTitle "EXT 2014"]
[Source "ChessBase"]
[SourceDate "2013.11.20"]
[SourceVersion "1"]
[SourceVersionDate "2013.11.20"]
[SourceQuality "1"]

1. e4 c5 2. Nf3 d6 3. d4 cxd4 4. Nxd4 Nf6 5. Nc3 a6 6. Bc4 e6 7. 0-0 b5 8. Bb3 Be7 9. f4 0-0 10. Qe2 b4 11. Na4 Bb7 12. Qd2 Bxe4 13. Qxb4 Nbd7 14. Qe1 Qc7 15. Nc3 Bb7 16. Qg3 Nc5 17. Re1 Rfe8 18. Be3 Rac8 19. Re2 Qb8 20. Rae1 a5 21. Bf2 Bf8 22. Bc4 d5 23. Bb5 Nh5 24. Qf3 Nxf4 25. Re5 Ng6 26. Rh5 Red8 27. Re3 h6 28. Bg3 Bd6 29. Bxd6 Qxd6 30. Nce2 e5 31. Nf5 Qb6 32. Rxh6 gxh6 33. Nxh6+ Kh8 34. Nxf7+ Kg7 35. Ng3 d4 36. Nh5+ Kf8 37. Qf5 Qe6 38. Qxe6 Nxe6 39. Nxd8 dxe3 40. Nxe6+ Ke7 41. Neg7 Nf4 42. Nf5+ Kf8 43. Nxf4 exf4 44. Bd3 Bd5 45. a4 Bc6 46. b3 Re8 47. Nd4 Be4 48. Bc4 Ke7 49. c3 Kd6 50. Be2 Rg8 51. Nf3 Bxf3 52. Bxf3 Rc8 53. c4 Kc5 54. g3 fxg3 55. hxg3 Kd4 56. Kf1 Rf8 0-1

[Event "EU-ch U14 Girls 23rd"]
[Site "Budva"]
[Date "2013.09.30"]
[Round "2"]
[White "Jacobsen, Elise Sjottem"]
[Black "Shakirova, Renata"]
[Result "0-1"]
[WhiteElo "1593"]
[BlackElo "1881"]
[PlyCount "92"]
[EventDate "2013.09.29"]
[EventType "swiss"]
[EventRounds "9"]
[EventCountry "MNE"]
[SourceTitle "EXT 2014"]
[Source "ChessBase"]
[SourceDate "2013.11.20"]
[SourceVersion "1"]
[SourceVersionDate "2013.11.20"]
[SourceQuality "1"]

1. c4 Nf6 2. g3 g6 3. Bg2 Bg7 4. e3 0-0 5. Ne2 d6 6. 0-0 e5 7. d4 c6 8. Nbc3 a6 9. b3 Nbd7 10. Ba3 exd4 11. Qxd4 Nd5 12. Qd2 Nxc3 13. Nxc3 Qa5 14. Bb2 Nb6 15. Rac1 d5 16. cxd5 Nxd5 17. Rfd1 Nxc3 18. Bxc3 Bxc3 19. Rxc3 Bg4 20. f3 Bf5 21. e4 Be6 22. Rd3 Qxd2 23. R1xd2 a5 24. f4 a4 25. h3 axb3 26. axb3 Ra1+ 27. Kf2 Rb1 28. Rd1 Rxd1 29. Rxd1 c5 30. Rc1 b6 31. b4 cxb4 32. Rb1 b3 33. g4 Bc4 34. Bf1 b5 35. Be2 Rd8 36. Ke3 Kf8 37. Rc1 Ke7 38. Bxc4 Rc8 39. Kd4 Rxc4+ 40. Rxc4 bxc4 41. Kc3 f6 42. h4 Ke6 43. Kb2 h6 44. Kc3 g5 45. hxg5 hxg5 46. f5+ Ke5 0-1

[Event "EU-ch U14 Girls 23rd"]
[Site "Budva"]
[Date "2013.09.29"]
[Round "1"]
[White "Shakirova, Renata"]
[Black "Greibrokk, Ingrid Andrea"]
[Result "1-0"]
[WhiteElo "1881"]
[BlackElo "1626"]
[PlyCount "53"]
[EventDate "2013.09.29"]
[EventType "swiss"]
[EventRounds "9"]
[EventCountry "MNE"]
[SourceTitle "EXT 2014"]
[Source "ChessBase"]
[SourceDate "2013.11.20"]
[SourceVersion "1"]
[SourceVersionDate "2013.11.20"]
[SourceQuality "1"]

1. e4 c5 2. Nf3 d6 3. d4 cxd4 4. Nxd4 Nf6 5. Nc3 g6 6. Be2 Bg7 7. 0-0 0-0 8. Re1 Nc6 9. Nb3 Bd7 10. Bf1 Rc8 11. Nd5 Nxd5 12. exd5 Ne5 13. c3 Re8 14. Bg5 h6 15. Bf4 g5 16. Be3 Ng6 17. Bd4 e5 18. dxe6 Rxe6 19. Rxe6 Bxe6 20. Bxg7 Kxg7 21. Qd4+ Qf6 22. Qxa7 Rc7 23. Qb6 Rd7 24. Bb5 Bd5 25. Bxd7 Nf4 26. Bb5 Nh3+ 27. Kf1 1-0

[Event "Chigorin Memorial 20th"]
[Site "St Petersburg"]
[Date "2012.10.31"]
[Round "5"]
[White "Shakirova, Renata"]
[Black "Kostyuchenko, Vladimir"]
[Result "1/2-1/2"]
[WhiteElo "1756"]
[BlackElo "2101"]
[PlyCount "84"]
[EventDate "2012.10.27"]
[EventType "swiss"]
[EventRounds "9"]
[EventCountry "RUS"]
[SourceTitle "EXT 2013"]
[Source "ChessBase"]
[SourceDate "2012.11.22"]
[SourceVersion "1"]
[SourceVersionDate "2012.11.22"]
[SourceQuality "1"]

1. e4 c5 2. Nf3 d6 3. d4 cxd4 4. Nxd4 Nf6 5. Nc3 Nc6 6. Be2 g6 7. Be3 Bg7 8. Nb3 0-0 9. f4 b6 10. g4 Bb7 11. g5 Nd7 12. Qd2 Nc5 13. Bf3 a5 14. Nd4 Nxd4 15. Bxd4 Bxd4 16. Qxd4 e5 17. Qd2 exf4 18. 0-0-0 Qxg5 19. Qxd6 f5 20. Qxb6 fxe4 21. Nxe4 Bxe4 22. Bxe4 Rab8 23. Bd5+ Qxd5 24. Rxd5 Rxb6 25. Rxc5 a4 26. Rf1 f3 27. Ra5 Rb4 28. Rf2 h6 29. Re5 g5 30. c3 Rbf4 31. b4 axb3 32. axb3 g4 33. c4 Kg7 34. Kd2 Kg6 35. c5 h5 36. Ke3 Rb4 37. Rd2 Rxb3+ 38. Kf2 Rc3 39. Rd6+ Rf6 40. Rxf6+ Kxf6 41. Rxh5 Rc2+ 42. Kf1 Rc1+ 1/2-1/2

[Event "Chigorin Memorial 20th"]
[Site "St Petersburg"]
[Date "2012.10.28"]
[Round "2"]
[White "Aseev, Vladimir"]
[Black "Shakirova, Renata"]
[Result "1-0"]
[WhiteElo "2095"]
[BlackElo "1756"]
[PlyCount "69"]
[EventDate "2012.10.27"]
[EventType "swiss"]
[EventRounds "9"]
[EventCountry "RUS"]
[SourceTitle "EXT 2013"]
[Source "ChessBase"]
[SourceDate "2012.11.22"]
[SourceVersion "1"]
[SourceVersionDate "2012.11.22"]
[SourceQuality "1"]

1. d4 Nf6 2. c4 g6 3. Nc3 Bg7 4. e4 d6 5. Nf3 0-0 6. Be2 Nbd7 7. 0-0 e5 8. Re1 c6 9. Bf1 Re8 10. d5 Nc5 11. b4 Ncxe4 12. Nxe4 Nxe4 13. Rxe4 f5 14. Re1 e4 15. Bg5 Qd7 16. Nd4 c5 17. bxc5 dxc5 18. Ne6 Bxa1 19. Qxa1 b6 20. Bf4 Rxe6 21. dxe6 Qxe6 22. Qc3 Ba6 23. Rd1 Qe7 24. Bc1 Kf7 25. Bb2 Rg8 26. f3 e3 27. f4 g5 28. Be2 g4 29. Rd5 Kg6 30. Re5 Qf7 31. Qd3 Re8 32. Rxe8 Qxe8 33. Bxg4 Bxc4 34. Qxf5+ Kh6 35. Qg5# 1-0

[Event "St Petersburg Botvinnik Memorial op"]
[Site "St Petersburg"]
[Date "2012.08.31"]
[Round "7"]
[White "Vardanian, Hamazasp"]
[Black "Shakirova, Renata"]
[Result "1-0"]
[WhiteElo "2153"]
[BlackElo "1722"]
[PlyCount "73"]
[EventDate "2012.08.25"]
[EventType "swiss"]
[EventRounds "9"]
[EventCountry "RUS"]
[SourceTitle "CBM 150 Extra"]
[Source "ChessBase"]
[SourceDate "2012.10.19"]
[SourceVersion "1"]
[SourceVersionDate "2012.10.19"]
[SourceQuality "1"]

1. f4 Nf6 2. Nf3 g6 3. g3 Bg7 4. Bg2 0-0 5. 0-0 d5 6. d3 c6 7. Qe1 Bf5 8. Nc3 Qb6+ 9. Kh1 d4 10. Nd1 Nd5 11. Bd2 Nd7 12. c3 dxc3 13. bxc3 N5f6 14. Nd4 Qa5 15. Nxf5 Qxf5 16. e4 Qb5 17. d4 Nb6 18. Ne3 Qd3 19. e5 Nfd5 20. Nxd5 Nxd5 21. Be4 Qc4 22. Rf3 e6 23. g4 f5 24. gxf5 exf5 25. Bc2 Qa6 26. Bb3 Kh8 27. c4 Nb6 28. d5 Nxc4 29. d6 Rad8 30. Bc3 b5 31. Rd1 c5 32. Bxc4 bxc4 33. e6 Rxd6 34. Bxg7+ Kxg7 35. Qe5+ Kg8 36. Rxd6 Qxa2 37. Rd7 1-0

[Event "St Petersburg Botvinnik Memorial op"]
[Site "St Petersburg"]
[Date "2012.08.30"]
[Round "6"]
[White "Shakirova, Renata"]
[Black "Poltoratsky, Daniil"]
[Result "1/2-1/2"]
[WhiteElo "1722"]
[BlackElo "2109"]
[PlyCount "116"]
[EventDate "2012.08.25"]
[EventType "swiss"]
[EventRounds "9"]
[EventCountry "RUS"]
[SourceTitle "CBM 150 Extra"]
[Source "ChessBase"]
[SourceDate "2012.10.19"]
[SourceVersion "1"]
[SourceVersionDate "2012.10.19"]
[SourceQuality "1"]

1. e4 d5 2. exd5 Nf6 3. d4 Qxd5 4. c4 Qe4+ 5. Be3 Bg4 6. Qb3 Bc8 7. Nc3 Qf5 8. Qb5+ c6 9. Qxf5 Bxf5 10. Nf3 e6 11. a3 Bd6 12. Ne5 Bxe5 13. dxe5 Ng4 14. Bd4 Nd7 15. f4 f6 16. exf6 gxf6 17. h3 Nh6 18. g4 Bg6 19. b4 e5 20. Be3 exf4 21. Bxf4 Nf7 22. Be2 Nfe5 23. 0-0 0-0-0 24. b5 Rhe8 25. Rfd1 Nb6 26. c5 Nbd7 27. bxc6 bxc6 28. Rd6 Nxc5 29. Bxe5 Rxe5 30. Rxc6+ Kd7 31. Rxf6 Ke7 32. Raf1 Rd2 33. Bc4 Ne4 34. Nxe4 Rxe4 35. Bb5 Rb2 36. a4 Rb3 37. R6f3 Ree3 38. Rxe3+ Rxe3 39. Kh2 Kd6 40. Rf6+ Kc5 41. Ra6 Re7 42. Kg3 Kd4 43. Rd6+ Ke3 44. Rd7 Rxd7 45. Bxd7 a5 46. Bf5 Be8 47. Bxh7 Bxa4 48. g5 Bc6 49. g6 Be4 50. Kg4 a4 51. Kg5 a3 52. Bg8 Bb1 53. g7 a2 54. Bxa2 Bxa2 55. h4 Ke4 56. h5 Bg8 57. h6 Bh7 58. Kf6 Kf4 1/2-1/2

[Event "St Petersburg Spring op"]
[Site "St Petersburg"]
[Date "2012.03.30"]
[Round "9"]
[White "Shakirova, Renata"]
[Black "Nikiforov, Vyacheslav"]
[Result "0-1"]
[WhiteElo "1639"]
[BlackElo "1867"]
[PlyCount "86"]
[EventDate "2012.03.22"]
[EventType "swiss"]
[EventRounds "9"]
[EventCountry "RUS"]
[SourceTitle "EXT 2013"]
[Source "ChessBase"]
[SourceDate "2012.11.22"]
[SourceVersion "1"]
[SourceVersionDate "2012.11.22"]
[SourceQuality "1"]

1. e4 c5 2. Nf3 e6 3. d4 cxd4 4. Nxd4 Nf6 5. Nc3 Bb4 6. e5 Nd5 7. Qg4 Nxc3 8. Qxg7 Rf8 9. a3 Nb5+ 10. axb4 Nxd4 11. Bh6 Qe7 12. Bd3 Nf5 13. Qxf8+ Qxf8 14. Bxf8 Kxf8 15. c3 Nc6 16. f4 Kg7 17. 0-0 Nce7 18. Rf3 d5 19. exd6 Nxd6 20. g4 Bd7 21. Re1 f5 22. Rg3 Kf6 23. g5+ Kf7 24. Rh3 Rh8 25. c4 Ng6 26. Rf1 Bc6 27. Re3 a6 28. Be2 Ne4 29. b5 axb5 30. cxb5 Bd5 31. Bh5 Rc8 32. Ree1 Ke7 33. Bxg6 hxg6 34. Rc1 Rh8 35. Rc7+ Kd6 36. Rg7 Rh4 37. Rc1 Rg4+ 38. Kf1 Rxf4+ 39. Ke1 Rg4 40. Rcc7 Rxg5 41. b6 Ke5 42. Rxb7 Bc4 43. Kd1 Bd3 0-1

[Event "St Petersburg Spring op"]
[Site "St Petersburg"]
[Date "2012.03.26"]
[Round "5"]
[White "Shakirova, Renata"]
[Black "Rumiantsev, Alex"]
[Result "0-1"]
[WhiteElo "1639"]
[BlackElo "1873"]
[PlyCount "88"]
[EventDate "2012.03.22"]
[EventType "swiss"]
[EventRounds "9"]
[EventCountry "RUS"]
[SourceTitle "EXT 2013"]
[Source "ChessBase"]
[SourceDate "2012.11.22"]
[SourceVersion "1"]
[SourceVersionDate "2012.11.22"]
[SourceQuality "1"]

1. e4 e5 2. Nf3 Nc6 3. Bb5 a6 4. Ba4 Nf6 5. 0-0 Nxe4 6. d4 b5 7. Bb3 d5 8. dxe5 Be6 9. Nbd2 Nc5 10. c3 Be7 11. Bc2 0-0 12. Nb3 Nxb3 13. Bxb3 Qd7 14. Bf4 Rad8 15. Nd4 Nxd4 16. cxd4 f6 17. Rc1 fxe5 18. Bxe5 Bd6 19. f4 Rc8 20. Qc2 c6 21. Bxd6 Qxd6 22. Qc5 Qxc5 23. Rxc5 Kh8 24. g3 g6 25. Re1 Rfe8 26. Bc2 Bd7 27. Re5 Kg7 28. Rc3 Rxe5 29. fxe5 a5 30. a4 Kf7 31. Rf3+ Ke7 32. Bb3 Be6 33. Rc3 c5 34. Rxc5 Rxc5 35. dxc5 b4 36. Kf2 Kd7 37. Ke3 d4+ 38. Kxd4 Bxb3 39. h4 Bxa4 40. Kc4 Ke6 41. Kd4 Bc6 42. g4 h6 43. b3 h5 44. gxh5 gxh5 0-1